[Event "5th Classic Open 2013"]
[Site "London ENG"]
[Date "2013.12.09"]
[Round "3.2"]
[White "Grachev,B"]
[Black "Sachdev,T"]
[Result "1/2-1/2"]
[WhiteElo "2669"]
[BlackElo "2441"]

1.Nf3 d5 2.c4 e6 3.g3 Nf6 4.Bg2 dxc4 5.Qa4+ c6 6.Qxc4 b5 7.Qb3 Bb7 8.d4 a6
9.O-O Nbd7 10.Ne5 Nxe5 11.dxe5 Nd5 12.Nc3 Qc7 13.a4 Nxc3 14.Qxc3 b4 15.Qc4 Be7
16.Be3 O-O 17.Bc5 a5 18.Rac1 Ba6 19.Qe4 Bxc5 20.Rxc5 Qe7 21.Rfc1 Rfd8 22.Qe3 Bb7
23.Bxc6 Bxc6 24.Rxc6 Qd7 25.b3 Rac8 26.Rd6 Rxc1+ 27.Qxc1 Rc8 28.Qd1 Qe7 29.h4 g6
30.Qd4 Qc7 31.Qe3 Qc3 32.Rd3 Qb2 33.Kg2 h5 34.Rd7 Qc3 35.Qf3 Qxf3+ 36.Kxf3 Rc3+
37.Rd3 Rc5 38.Ke4 Rc2 39.Ke3 Kg7 40.f4 Rb2 41.Kf3 Rc2 42.e4 Rb2 43.Ke3 Rg2
44.Kd4 Rc2 45.Rf3 Rc1 46.f5 gxf5 47.exf5 exf5 48.Rxf5 Rc3 49.e6 fxe6 50.Rxa5 Rxb3
51.Rxh5 Kf6 52.Rh6+ Ke7 53.g4 Rg3 54.g5 b3 55.Ke5 Kd7 56.Rh8 Kc7 57.Rf8 Re3+
58.Kd4 Rh3 59.Ke5 Re3+ 60.Kd4 Rh3 61.Rf2 Kd6 62.Rd2 Rxh4+ 63.Kc3+ Kc5 64.Kxb3 Rg4
65.Rc2+ Kb6 66.Re2 Rxg5 67.a5+ Kxa5 68.Rxe6  1/2-1/2

[Event "5th Classic Open 2013"]
[Site "London ENG"]
[Date "2013.12.10"]
[Round "4.55"]
[White "Roe,S"]
[Black "Al Hamlan,F"]
[Result "1-0"]
[WhiteElo "2263"]
[BlackElo "1997"]

1.Nf3 d5 2.c4 e6 3.g3 Nf6 4.Bg2 c6 5.b3 Bd6 6.Bb2 Nbd7 7.O-O O-O 8.Nc3 e5
9.cxd5 cxd5 10.d4 e4 11.Ne1 Nb6 12.Rc1 a6 13.f3 Bf5 14.Nc2 Qd7 15.Ne3 Bg6
16.f4 Bf5 17.a4 Bb4 18.Na2 Bd6 19.a5 Nc8 20.Qd2 Ne7 21.Bc3 Bh3 22.Bb4 Bxg2
23.Kxg2 Rac8 24.Bxd6 Qxd6 25.Qb4 Qd7 26.Nc3 Nc6 27.Qa4 Rfd8 28.Rfd1 Qd6 29.Na2 Nh5
30.Kh1 Qh6 31.Kg1 Nxf4 32.gxf4 Qxf4 33.Ng2 Qg4 34.e3 Rd6 35.Rd2 Re8 36.Nb4 Ree6
37.Nxc6 bxc6 38.Qb4 h5 39.Rf1 Rg6 40.Qb8+ Kh7 41.Rxf7 Qh4 42.Kh1 Rgf6 43.Nxh4  1-0

[Event "Pavlodar Open 2013"]
[Site "Pavlodar KAZ"]
[Date "2013.12.10"]
[Round "1.32"]
[White "Karmenov,Z"]
[Black "Iskichekova,Nadezhda"]
[Result "1-0"]
[WhiteElo "2234"]
[BlackElo "1757"]

1.Nf3 d5 2.c4 e6 3.d4 Nf6 4.Nc3 Nbd7 5.cxd5 exd5 6.Bg5 c6 7.e3 Be7 8.Qc2 h6
9.Bh4 Nb6 10.Bd3 Nh5 11.Bxe7 Qxe7 12.Ne5 Nf6 13.O-O-O Nfd7 14.Nf3 Nf6 15.h3 Be6
16.Ne5 Nfd7 17.Nxd7 Nxd7 18.Kb1 Nf6 19.Rhe1 O-O 20.f4 b5 21.g4 b4 22.Na4 Qd6
23.Nc5 Rfb8 24.Rg1 Ne8 25.h4 Kf8 26.f5 Bc8 27.g5 hxg5 28.hxg5 a5 29.e4 dxe4
30.Bxe4 Nc7 31.Rh1 Nd5 32.Bxd5 Qxd5 33.f6 gxf6 34.gxf6 Qg5 35.Rh8+ Qg8 36.Rxg8+ Kxg8
37.Qg2+ Kf8 38.Qg7+  1-0

[Event "6th Kolkata Open"]
[Site "Kolkata IND"]
[Date "2013.12.11"]
[Round "7.6"]
[White "Borovikov,V"]
[Black "Baghdasaryan,V"]
[Result "1-0"]
[WhiteElo "2557"]
[BlackElo "2395"]

1.Nf3 d5 2.c4 c6 3.e3 Nf6 4.Nc3 Nbd7 5.Qc2 e5 6.cxd5 Nxd5 7.a3 Bd6 8.Be2 O-O
9.O-O f5 10.d3 N7f6 11.e4 Nxc3 12.Qxc3 Qe8 13.Re1 Kh8 14.Bf1 fxe4 15.dxe4 Qh5
16.b4 Bg4 17.Nd2 Bc7 18.Nb3 Rad8 19.f3 Bc8 20.Be3 Bb6 21.Nc5 Bc7 22.b5 Rd4
23.bxc6 bxc6 24.Nb3 Bd7 25.Qc5 Rd6 26.Rad1 Ne8 27.Rxd6 Bxd6 28.Qxa7 Be6 29.Nc5 Bg8
30.Qd7 Qg6 31.Kh1 Bc7 32.a4 Ba5 33.Rd1 Qh5 34.Be2 Rf6 35.Qa7 Bb4 36.Qb6 Bxc5
37.Qxc5 Bb3 38.Ra1 Nc7 39.a5 Na8 40.Rb1  1-0

[Event "6th Kolkata Open"]
[Site "Kolkata IND"]
[Date "2013.12.11"]
[Round "7.2"]
[White "Stopa,Ja"]
[Black "Sengupta,D"]
[Result "1-0"]
[WhiteElo "2488"]
[BlackElo "2570"]

1.Nf3 d5 2.c4 d4 3.b4 Bg4 4.Qa4+ c6 5.Qb3 Nf6 6.Bb2 Bxf3 7.gxf3 e5 8.Rg1 Nbd7
9.f4 Bd6 10.c5 Bc7 11.Rxg7 Nd5 12.e3 Qf6 13.Rg1 O-O-O 14.Na3 dxe3 15.dxe3 Nxc5
16.bxc5 Ba5+ 17.Kd1 Qh4 18.Kc1 Qxf2 19.Bh3+ Kb8 20.Bxe5+ Ka8 21.Rg2 Qf3 22.Rb1 Nb4
23.Bxh8 Qxh3 24.Rbb2 Nd3+ 25.Kb1 Nxb2 26.Qxb2 Qf5+ 27.Ka1 Rd1+ 28.Nb1 b5
29.Bd4 Qd5 30.Rc2 Qh1 31.Qb3 Qe1 32.Rb2 Bc7 33.Qxf7  1-0

[Event "5th Classic Open 2013"]
[Site "London ENG"]
[Date "2013.12.11"]
[Round "5.14"]
[White "Rahman,Zia"]
[Black "Ansell,S"]
[Result "1-0"]
[WhiteElo "2496"]
[BlackElo "2374"]

1.Nf3 d5 2.c4 c6 3.d4 Nf6 4.e3 Bg4 5.Nc3 e6 6.h3 Bh5 7.Qb3 Qc7 8.Ne5 Nfd7
9.Nd3 Bg6 10.Nf4 Nb6 11.cxd5 exd5 12.Nxg6 hxg6 13.Bd3 Be7 14.O-O N8d7 15.a4 a5
16.f4 Nf6 17.Bd2 Nc8 18.e4 dxe4 19.Nxe4 Nxe4 20.Bxe4 Nd6 21.Rae1 O-O-O 22.Bf3 Bf6
23.d5 c5 24.Bc3 c4 25.Qc2 Qc5+ 26.Kh2 Bxc3 27.Qxc3 Qb4 28.Qxg7 Qxa4 29.Qd4 Kb8
30.Re3 Qb4 31.Rfe1 Rc8 32.Bg4 Qc5 33.Qc3 Rcd8 34.Re7 Ka7 35.Ra1 Kb6 36.Qf6 Ka7
37.Qc3 Kb6 38.Rb1 Qb4 39.Qf6 Ka7 40.Rbe1 Qb6 41.Bd7 Rhf8 42.Bc6 Ka6 43.Rd7 Rxd7
44.Bxd7 Rd8 45.Bg4 Ka7 46.Bf3 Nf5 47.d6 Qxd6 48.Qxf7 Qxf4+ 49.Kg1 Qd4+ 50.Kh1 Qxb2
51.Qxg6 Nh4 52.Qg5 Nxf3 53.Qxa5+  1-0

[Event "Pavlodar Open 2013"]
[Site "Pavlodar KAZ"]
[Date "2013.12.11"]
[Round "3.20"]
[White "Karmenov,Z"]
[Black "Kolosovskiy,A"]
[Result "1-0"]
[WhiteElo "2234"]
[BlackElo "2030"]

1.Nf3 d5 2.c4 c6 3.e3 Nf6 4.Qc2 g6 5.b3 Na6 6.a3 Bf5 7.d3 Bg7 8.Bb2 O-O 9.Be2 Rc8
10.O-O Nc5 11.Nh4 Be6 12.b4 Ncd7 13.Nd2 Qc7 14.Rac1 Qb8 15.Ndf3 dxc4 16.dxc4 b5
17.c5 Ng4 18.Bxg7 Kxg7 19.Rfd1 Nde5 20.Qc3 Kg8 21.h3 Nxf3+ 22.Nxf3 Nf6 23.Nd4 Bd7
24.Bf3 Rfd8 25.Nxc6 Rxc6 26.Rxd7 Nxd7 27.Bxc6 Ne5 28.Bxb5  1-0

[Event "5th Classic Open 2013"]
[Site "London ENG"]
[Date "2013.12.12"]
[Round "6.51"]
[White "Gschwendtner,S"]
[Black "Williamson,R"]
[Result "0-1"]
[WhiteElo "1999"]
[BlackElo "2150"]

1.Nf3 d5 2.c4 e6 3.g3 c5 4.Bg2 d4 5.b4 cxb4 6.a3 bxa3 7.Nxa3 Nc6 8.O-O Nf6
9.Nb5 Bc5 10.d3 e5 11.Nd2 O-O 12.Nb3 Be7 13.f4 exf4 14.Bxf4 Bg4 15.h3 Bh5
16.g4 Bg6 17.Nc7 Rc8 18.Bxc6 bxc6 19.Rxa7 Bd6 20.Ne6 fxe6 21.c5  0-1

[Event "6th Kolkata Open"]
[Site "Kolkata IND"]
[Date "2013.12.13"]
[Round "9.4"]
[White "Stopa,Ja"]
[Black "Mozharov,M"]
[Result "0-1"]
[WhiteElo "2488"]
[BlackElo "2535"]

1.Nf3 d5 2.c4 d4 3.b4 Nf6 4.e3 dxe3 5.fxe3 Nbd7 6.Bb2 g6 7.Be2 Bg7 8.O-O O-O
9.Qb3 b6 10.Ne5 Bb7 11.Bf3 Bxf3 12.Rxf3 Nxe5 13.Bxe5 Qd7 14.d4 c5 15.Nc3 cxb4
16.Qxb4 Rac8 17.Raf1 Qe6 18.Bxf6 exf6 19.Nd5 Kh8 20.Qa4 f5 21.h3 Rfd8 22.Qxa7 Rxc4
23.Nf4 Qe8 24.Rb1 Ra4 25.Qb7 Rb8 26.Qd5 Ra3 27.Rb3 Rxa2 28.Kh2 Ra1 29.Qd6 b5
30.Nd3 Bf8 31.Qf6+ Kg8 32.g4 Qe4 33.Kg2 Rba8 34.Ne5 Qc2+  0-1

[Event "Pavlodar Open 2013"]
[Site "Pavlodar KAZ"]
[Date "2013.12.13"]
[Round "5.9"]
[White "Karmenov,Z"]
[Black "Nikitin,And"]
[Result "1/2-1/2"]
[WhiteElo "2234"]
[BlackElo "2462"]

1.Nf3 d5 2.c4 d4 3.g3 Nc6 4.Bg2 e5 5.d3 Nf6 6.O-O Be7 7.b4 e4 8.dxe4 Bxb4
9.Bb2 Bc5 10.Nbd2 O-O 11.e5 Ng4 12.Nb3 Qe7 13.Nfxd4 Ncxe5 14.Qc2 Ba3 15.Bxa3 Qxa3
16.h3 Nf6 17.f4 Ng6 18.e4 c6 19.Kh2 a5 20.e5 Nd7 21.Nf5 Nc5 22.Nd6 f6 23.Nxc8 Raxc8
24.exf6 Rxf6 25.Rae1 Rd8 26.Nxc5 Qxc5 27.Re2 Rfd6 28.Rfe1 Rd4 29.Re4 Nf8
30.Rxd4 Rxd4 31.Re4 Rd7 32.Re5 Qb4  1/2-1/2

[Event "SportAccord Blitz Women 2013"]
[Site "Beijing CHN"]
[Date "2013.12.14"]
[Round "6.5"]
[White "Ushenina,A"]
[Black "Kosintseva,T"]
[Result "1-0"]
[WhiteElo "2501"]
[BlackElo "2496"]

1.Nf3 d5 2.c4 d4 3.g3 c5 4.Bg2 Nc6 5.O-O e5 6.d3 Bd6 7.e3 Nge7 8.exd4 exd4
9.Nbd2 Bf5 10.Ne1 O-O 11.Ne4 Bxe4 12.Bxe4 f5 13.Bg2 f4 14.a3 Qd7 15.Nc2 a5
16.Rb1 Ng6 17.Bd2 Nce5 18.Ne1 Rae8 19.b4 axb4 20.axb4 b6 21.bxc5 bxc5 22.Rb7 Qf5
23.Be4 Qf6 24.Nf3 Ng4 25.Qa4 N6e5 26.Bxf4 Nxf3+ 27.Bxf3 Nxh2 28.Kxh2 Bxf4
29.Bd5+ Kh8 30.Kg2 Bxg3 31.Qd7 Bxf2 32.Qg4 Re5 33.Kh1 Rg5 34.Rxf2 Qh6+ 35.Rh2 Rf1+
36.Kg2 Rxg4+ 37.Kxf1 Qf4+ 38.Rf2 Qc1+ 39.Ke2 Qe3+ 40.Kf1 h5 41.Be4 Qc1+ 42.Ke2 Qe3+
43.Kf1 Rg1+ 44.Kxg1 Qc1+ 45.Kg2 Qg5+ 46.Kf1 Qc1+ 47.Ke2 Qe3+ 48.Kd1 Qg3 49.Rf8+  1-0

[Event "5th Classic Open 2013"]
[Site "London ENG"]
[Date "2013.12.14"]
[Round "8.38"]
[White "Moore,Ge"]
[Black "Woong,Zhi Wei William"]
[Result "1-0"]
[WhiteElo "2215"]
[BlackElo "1837"]

1.Nf3 d5 2.c4 e6 3.g3 Nf6 4.Bg2 Be7 5.O-O O-O 6.d4 c6 7.Qc2 Ne4 8.Nbd2 f5
9.b3 Nd7 10.Bb2 a5 11.Rad1 Rb8 12.Ne5 Nxe5 13.dxe5 Nxd2 14.Rxd2 Bb4 15.Rd3 Qe7
16.e3 b6 17.Ra1 a4 18.cxd5 cxd5 19.bxa4 Ba6 20.Rdd1 Rfc8 21.Qb1 Qe8 22.Bf1 Bxf1
23.Rxf1 Qxa4 24.a3 Ba5 25.Bd4 Bc3 26.Bxc3 Rxc3 27.Qb4 Qc6 28.Rfb1 Rc8 29.a4 Rb8
30.a5 b5 31.a6 Qc5 32.a7 Ra8 33.Qa5 b4 34.Qxb4 Qxb4 35.Rxb4 Rcc8 36.Rb7 h5
37.Ra6 Kh7 38.Rxe6 h4 39.Kg2 hxg3 40.hxg3 Rg8 41.Kf3 Rgc8 42.Ree7 Rg8 43.Red7  1-0

[Event "25th Carlos Torre Open"]
[Site "Merida MEX"]
[Date "2013.12.14"]
[Round "2.4"]
[White "Cordova,E"]
[Black "Perez Garcia,Rodn"]
[Result "1-0"]
[WhiteElo "2596"]
[BlackElo "2371"]

1.Nf3 d5 2.c4 c6 3.g3 Nf6 4.Bg2 dxc4 5.O-O Nbd7 6.Na3 Nb6 7.Qc2 g6 8.Nxc4 Nxc4
9.Qxc4 Bg7 10.d3 O-O 11.Qh4 Qb6 12.e4 Re8 13.e5 Nd5 14.Ng5 h6 15.Nf3 Kh7
16.Re1 Bf5 17.d4 f6 18.g4 Bd3 19.Bxh6 Bxh6 20.g5 fxg5 21.Nxg5+ Kg7 22.Ne6+ Kh7
23.Be4 Qb5 24.Qh3 Rf8  1-0

[Event "5th Classic Open 2013"]
[Site "London ENG"]
[Date "2013.12.15"]
[Round "9.15"]
[White "Richardson,Joh"]
[Black "Shyam,SM"]
[Result "0-1"]
[WhiteElo "2340"]
[BlackElo "2534"]

1.Nf3 d5 2.c4 e6 3.d4 Nf6 4.g3 Bb4+ 5.Bd2 Be7 6.Bg2 O-O 7.O-O Nbd7 8.Qc2 c6
9.Bf4 Nh5 10.Nc3 Nxf4 11.gxf4 dxc4 12.a4 a5 13.Rad1 Nb6 14.Ne4 Nd5 15.e3 b6
16.Ne5 Nb4 17.Qc3 Ba6 18.Nxc4 Rc8 19.Rfe1 f5 20.Ng3 b5 21.Ne5 bxa4 22.Ra1 Bb5
23.Red1 Qe8 24.Bf1 h5 25.Bc4 Nd5 26.Qd3 h4 27.Nf1 Bf6 28.Nd2 Bxe5 29.dxe5 Nb6
30.Bxb5 cxb5 31.Nf3 Nc4 32.Qe2 Qh5 33.Rab1 h3 34.Kh1 Rfd8 35.Rd4 Nd2 36.Rd1 Qg4  0-1

[Event "5th Classic Open 2013"]
[Site "London ENG"]
[Date "2013.12.15"]
[Round "9.23"]
[White "Moore,Ge"]
[Black "Kiik,K"]
[Result "0-1"]
[WhiteElo "2215"]
[BlackElo "2435"]

1.Nf3 d5 2.c4 d4 3.g3 Nc6 4.Bg2 e5 5.d3 Nf6 6.O-O a5 7.Na3 Be7 8.Nc2 O-O
9.a3 h6 10.Bd2 Re8 11.b4 Bf8 12.b5 Nb8 13.e3 dxe3 14.Bxe3 Nbd7 15.d4 e4 16.Nd2 Nb6
17.h3 Bf5 18.a4 Bg6 19.Qe2 Qd7 20.Nb3 Qe6 21.d5 Qc8 22.Ncd4 Nbd7 23.Rad1 Ne5
24.g4 Qd8 25.Bf4 Bd6 26.Bg3 Nd3 27.Qe3 Nb2 28.Rc1 Nxa4 29.Bh4 Nc5 30.f4 Nxg4
31.Qe1 Nf6  0-1

[Event "SportAccord Blitz Women 2013"]
[Site "Beijing CHN"]
[Date "2013.12.16"]
[Round "22.2"]
[White "Ju Wenjun"]
[Black "Gunina,V"]
[Result "1-0"]
[WhiteElo "2514"]
[BlackElo "2509"]

1.Nf3 d5 2.c4 c6 3.g3 Nf6 4.Bg2 e6 5.b3 Be7 6.O-O O-O 7.Bb2 Nbd7 8.d4 a5
9.Nbd2 a4 10.Bc3 c5 11.e3 cxd4 12.Nxd4 Nc5 13.Qc2 Bd7 14.b4 Na6 15.c5 Rc8
16.Qb2 Nb8 17.Rac1 b6 18.cxb6 Qxb6 19.N4f3 Bb5 20.Rfe1 Nc6 21.a3 Rfd8 22.h3 h6
23.Ne5 Nxe5 24.Bxe5 Ne8 25.Rxc8 Rxc8 26.Rc1 Qa6 27.Rxc8 Qxc8 28.Qc3 Qd7 29.Bd4 Nd6
30.Bxg7 Qc6 31.Qxc6 Bxc6 32.Bb2 f6 33.f4 Kf7 34.Kf2 Bd8 35.Bf1 Bb6 36.Bd3 Bb5
37.Bxb5 Nxb5 38.Ke2 Ke7 39.Kd3 Bc7 40.e4 Bb6 41.exd5 exd5 42.Nf3 Bf2 43.g4 Kf7
44.f5 Bg3 45.Nd4 Nd6 46.b5 Nc4 47.Bc1 Bd6 48.Kc3 Bc5 49.Ne6 Bd6 50.Nd4 Bc5
51.Nc6 Bd6 52.Nb4 Be5+ 53.Kd3 Nb6 54.Be3 Nc4 55.Bc1 Nb6 56.Bxh6 Bb2 57.Nc2 Nc4
58.Be3 Nxa3 59.b6 Nc4 60.b7 Be5 61.Ba7 a3 62.Nb4 Na5 63.b8=Q Bxb8 64.Bxb8 Nc6
65.Bd6 Na5 66.Nc2 a2 67.Bb4 Nb3 68.Bc3 Ke7 69.h4 Kf7 70.h5 Nc5+ 71.Kd4 Ne4
72.Ba1 Nf2 73.Ne3 Ne4 74.Kxd5 Nd2 75.Kd6 Ne4+ 76.Kd7 Nc5+ 77.Kc6 Nb3 78.Nc2 Nd2
79.Kd7 Ne4 80.Bd4 Nd2 81.h6 Nf3 82.Ba1 Ng5 83.Nb4 Ne4 84.Nxa2 Nf2 85.h7 Kg7
86.Bxf6+ Kxh7 87.g5 Ne4 88.Ke6 Nc5+ 89.Kd5 Nd7 90.Be7 Kg8 91.Ke6 Nb6 92.g6  1-0

[Event "SportAccord Blitz Women 2013"]
[Site "Beijing CHN"]
[Date "2013.12.16"]
[Round "24.3"]
[White "Ju Wenjun"]
[Black "Kosintseva,T"]
[Result "1-0"]
[WhiteElo "2514"]
[BlackElo "2496"]

1.Nf3 d5 2.c4 d4 3.g3 c5 4.Bg2 Nc6 5.e3 e5 6.d3 Bd6 7.O-O Nge7 8.Nbd2 Bf5
9.Ne4 Bxe4 10.dxe4 O-O 11.exd4 cxd4 12.Ne1 Rc8 13.Nd3 f6 14.Bh3 Rc7 15.c5 f5
16.cxd6 Qxd6 17.Bg2 f4 18.gxf4 exf4 19.e5 Qh6 20.Qg4 Ng6 21.Re1 Re7 22.e6 Rf6
23.b3 Re8 24.Re4 Ref8 25.Bd2 Rf5 26.h4 Nce7 27.Rae1 Nxh4 28.Bxf4 g5 29.Bg3 Nhg6
30.Rxd4 Qg7 31.Rc4 Qf6 32.Be4 Ra5 33.a4 Ra6 34.Rc7 Rxe6 35.Nc5 Rb6 36.Nd7 Qd4
37.Nxf8  1-0

[Event "FSGM December 2013"]
[Site "Budapest HUN"]
[Date "2013.12.16"]
[Round "9.2"]
[White "Hujbert,F"]
[Black "Fodor,T jr"]
[Result "1/2-1/2"]
[WhiteElo "2454"]
[BlackElo "2461"]

1.Nf3 d5 2.c4 d4 3.b4 c5 4.e3 Nf6 5.exd4 cxb4 6.Be2 e6 7.O-O Be7 8.d3 O-O
9.Bb2 Nc6 10.a3 a5 11.axb4 Bxb4 12.Na3 Rb8 13.Nc2 Bd6 14.Ne5 Ne7 15.Bc3 b6
16.Bf3 Qc7 17.Qd2 Nd7 18.Rfe1 Ng6 19.Nxg6 hxg6 20.g3 Bb7  1/2-1/2

[Event "Pavlodar Open 2013"]
[Site "Pavlodar KAZ"]
[Date "2013.12.16"]
[Round "7.8"]
[White "Karmenov,Z"]
[Black "Burmakin,V"]
[Result "0-1"]
[WhiteElo "2234"]
[BlackElo "2585"]

1.Nf3 d5 2.c4 d4 3.g3 Nc6 4.Bg2 e5 5.d3 Nf6 6.O-O Bd6 7.e4 dxe3 8.Bxe3 O-O
9.Nc3 Bg4 10.h3 Bh5 11.Qd2 Qd7 12.Ng5 Rad8 13.g4 Bg6 14.a3 h5 15.gxh5 Nxh5
16.Ne2 Be7 17.Bd5 Bxg5 18.Bxg5 Ne7 19.Rad1 c6 20.Bg2 f6 21.Be3 Qxd3 22.Qb4 Qxd1
23.Rxd1 Rxd1+ 24.Kh2 Nf5 25.Bc5 Rf7 26.Bxa7 Nh4 27.Bh1 e4 28.Nc3 Ra1 29.Qd6 Nf3+
30.Bxf3 exf3 31.Qe6 Kh7 32.Be3 Rf8 33.Qg4 f5 34.Qxf3 f4 35.h4 Rd8 36.Bb6 Re8
37.Bc7 Ree1 38.Bd6 Rac1 39.a4 Kg8 40.a5 Ra1 41.Bc7 Nf6 42.Qxf4 Rh1+ 43.Kg2 Bh5
44.f3 Rag1+ 45.Kf2 Rf1+ 46.Kg2 Bxf3+ 47.Qxf3 Rxf3 48.Kxf3 Rxh4 49.c5 Rb4  0-1

[Event "SportAccord Basque Women 2013"]
[Site "Beijing CHN"]
[Date "2013.12.17"]
[Round "3.2"]
[White "Cramling,P"]
[Black "Kosintseva,T"]
[Result "0-1"]
[WhiteElo "2525"]
[BlackElo "2496"]

1.Nf3 d5 2.c4 d4 3.e3 Nc6 4.exd4 Nxd4 5.Nxd4 Qxd4 6.d3 c6 7.Nc3 Nh6 8.Be3 Qd8
9.Bxh6 gxh6 10.Be2 Bg7 11.O-O Bf5 12.Qb3 Qc7 13.Rad1 O-O-O 14.Ne4 Bd4 15.Ng3 Bg6
16.Bf3 Rhg8 17.Qa3 Kb8 18.b4 Rd6 19.c5 Rf6 20.Qb3 h5 21.Ne2 Be5 22.d4 Bxh2+
23.Kh1 h4 24.d5 Qe5 25.Nd4 Be4 26.Rfe1 cxd5 27.c6 h3 28.g3 Bxg3 29.cxb7 Bxf2
30.Bxe4 dxe4 31.Qc3 Qg5 32.Qxh3 Rh6  0-1

[Event "25th Carlos Torre Open"]
[Site "Merida MEX"]
[Date "2013.12.18"]
[Round "6.3"]
[White "Cordova,E"]
[Black "Quesada Perez,Ya"]
[Result "1-0"]
[WhiteElo "2596"]
[BlackElo "2452"]

1.Nf3 d5 2.c4 c6 3.e3 Nf6 4.Nc3 g6 5.b3 Bg7 6.Bb2 O-O 7.Be2 Bg4 8.h3 Bxf3
9.Bxf3 e6 10.O-O Nbd7 11.d3 Re8 12.Rc1 a6 13.Rc2 Nb6 14.Qa1 Nfd7 15.Rd1 Bf6
16.Be2 a5 17.a3 Qe7 18.Bf1 Red8 19.Rcc1 Nc5 20.Nxd5 Nxd5 21.cxd5 Bxb2 22.Qxb2 cxd5
23.Rc2 Na6 24.d4 Rdc8 25.Rdc1 Qf8 26.a4 Rxc2 27.Qxc2 Qd8 28.Bb5 Kg7 29.Qc3 Qb6
30.h4 h5 31.g3 Rd8 32.Kf1 Kf6 33.Ke2 Rd6 34.Kd2 Ke7 35.Rc2 Kf6 36.Rc1 Ke7
37.f3 Rd8 38.Ke2 Kd6 39.Kf2 Nc7 40.Be2 Kd7 41.Qc5 Qxc5 42.Rxc5 b6 43.Rc1 Rb8
44.g4 Ne8 45.Bb5+ Kd6 46.Kg3 hxg4 47.fxg4 Ke7 48.Kf4 Nd6 49.Rc7+ Kf6 50.g5+ Kg7
51.Bd7 Kf8 52.Ke5 Nf5 53.h5 gxh5 54.g6 Nxe3 55.gxf7 Kxf7 56.Bxe6+ Kg6 57.Bc8 b5
58.Kf4 bxa4 59.bxa4 Nc4 60.Rc6+ Kg7 61.Kg5 Rb2 62.Rc7+ Kf8 63.Be6 Ne3 64.Kf6 Rf2+
65.Ke5 Re2 66.Kd6 Nc4+ 67.Kxd5 Nb6+ 68.Kd6 Rd2 69.d5 Rf2 70.Kc5 Nxa4+ 71.Kb5 Nb2
72.d6 Rd2 73.Rc8+ Kg7 74.d7 Kf6 75.Bh3 Rd5+ 76.Kc6  1-0

[Event "20th Zadar Open A 2013"]
[Site "Zadar CRO"]
[Date "2013.12.18"]
[Round "5.13"]
[White "Rukavina,J"]
[Black "Kanmazalp,O"]
[Result "1/2-1/2"]
[WhiteElo "2407"]
[BlackElo "2414"]

1.Nf3 d5 2.c4 c6 3.e3 Nf6 4.d4 e6 5.a3 Nbd7 6.b3 Ne4 7.Bb2 Bd6 8.Bd3 f5 9.Nc3 O-O
10.Qc2 Qe7 11.O-O b6 12.b4 Bb7 13.Ne2 a5 14.c5 bxc5 15.bxc5 Bc7 16.Rab1 Rf6
17.g3 Rh6 18.Bc1 Bc8 19.Ne1 Qe8 20.f3 Ndf6 21.Nf4 g5 22.fxe4 dxe4 23.Be2 gxf4
24.exf4 Nd5 25.Ng2 Ba6 26.Bxa6 Rxa6 27.Ne3 Qa8 28.Rf2 Rg6 29.Nxd5 exd5 30.Qd1 Ra7
31.Qh5 Qc8 32.Be3 a4 33.Rfb2 Kg7 34.Qd1 Qa6 35.Qf1 Qc8 36.Qh3 Kg8 37.Rb4 Kg7
38.R1b2 Rf6 39.Qf1 Qa6 40.Qxa6 Rxa6 41.Rb7 Rf7 42.R2b4 Kf6 43.Kg2 Ra8 44.Kf1 Ke6
45.Ke2 h5 46.h4 Rg7 47.Bf2 Kd7 48.Be1  1/2-1/2

[Event "16th Padova Open A 2013"]
[Site "Padova ITA"]
[Date "2013.12.19"]
[Round "6.7"]
[White "Moroni,L"]
[Black "Manca,F"]
[Result "1/2-1/2"]
[WhiteElo "2229"]
[BlackElo "2402"]

1.Nf3 d5 2.c4 e6 3.g3 Nf6 4.Bg2 d4 5.O-O c5 6.e3 Nc6 7.exd4 cxd4 8.d3 Be7
9.Re1 O-O 10.Ne5 Nxe5 11.Rxe5 Nd7 12.Re1 e5 13.b3 a5 14.Ba3 Bxa3 15.Nxa3 f6
16.Qf3 Nc5 17.Nb5 Be6 18.Rad1 Qd7 19.a3 Kh8 20.b4 axb4 21.axb4 Bg4 22.Qd5 Bxd1
23.Rxd1 Qxd5 24.Bxd5 Na4 25.Bxb7 Rab8 26.Bc6 Rb6 27.Bf3 f5 28.Kf1 e4 29.dxe4 Nb2
30.Rxd4 Nxc4 31.Rxc4 Rxb5 32.e5 Rxe5 33.Bc6 f4 34.b5 fxg3 35.hxg3 Rb8 36.Ra4 g6
37.Ra6 Re6 38.f3 Re3 39.b6 Rb3 40.b7 R8xb7 41.Bxb7 Rxb7  1/2-1/2

[Event "20th Zadar Open A 2013"]
[Site "Zadar CRO"]
[Date "2013.12.20"]
[Round "8.5"]
[White "Bosiocic,Mari"]
[Black "Kadric,D"]
[Result "1/2-1/2"]
[WhiteElo "2542"]
[BlackElo "2471"]

1.Nf3 d5 2.c4 d4 3.b4 f6 4.e3 e5 5.c5 a5 6.Bc4 axb4 7.Qb3 Nh6 8.exd4 e4 9.Qe3 Qe7
10.Nh4 g5 11.f3 gxh4 12.fxe4 Be6 13.Bxe6 Qxe6 14.d5 Qe7 15.d4 Bg7 16.Nd2 Nf5
17.Qd3 Nxd4 18.Qxd4 f5 19.Qxb4 Bxa1 20.Qxb7 Qxc5 21.Nb3 Qe7 22.O-O Rxa2 23.Qc8+ Qd8
24.Qe6+ Qe7 25.Qc8+ Qd8 26.Qe6+ Qe7  1/2-1/2

[Event "Al-Ain Classic Open A 2013"]
[Site "Al-Ain UAE"]
[Date "2013.12.21"]
[Round "3.17"]
[White "Gluckman,D"]
[Black "Geller,J"]
[Result "0-1"]
[WhiteElo "2237"]
[BlackElo "2542"]

1.Nf3 d5 2.c4 e6 3.b3 Nf6 4.g3 c5 5.Bg2 Nc6 6.O-O Be7 7.e3 O-O 8.Bb2 d4 9.exd4 cxd4
10.Re1 Ne8 11.d3 f6 12.Na3 e5 13.Nc2 Nc7 14.Qd2 a5 15.Ba3 Bxa3 16.Nxa3 Qd6
17.Nc2 Na6 18.Reb1 Nc5 19.a3 a4 20.bxa4 Nxa4 21.Nfe1 f5 22.f4 Ne7 23.Rb5 e4
24.dxe4 fxe4 25.Kh1 Rd8 26.Rc1 Bf5 27.Ne3 dxe3  0-1

[Event "WYCC U18 Open 2013"]
[Site "Al-Ain UAE"]
[Date "2013.12.21"]
[Round "5.1"]
[White "Gabuzyan,H"]
[Black "Bajarani,U"]
[Result "1-0"]
[WhiteElo "2532"]
[BlackElo "2500"]

1.Nf3 d5 2.c4 c6 3.e3 Nf6 4.d4 a6 5.Nbd2 Bf5 6.b3 e6 7.Bb2 Nbd7 8.Be2 h6
9.O-O Be7 10.Ne5 O-O 11.Rc1 Rc8 12.Re1 Bh7 13.Nd3 Bd6 14.c5 Bb8 15.b4 Re8
16.Nf3 Bxd3 17.Bxd3 Ne4 18.Qc2 e5 19.Rcd1 Nxf2 20.Qxf2 e4 21.Bb1 exf3 22.gxf3 f5
23.e4 Qg5+ 24.Qg2 fxe4 25.fxe4 dxe4 26.Qxg5 hxg5 27.d5 cxd5 28.Rxd5 Nf6 29.Rxg5 Kf7
30.a3 Rh8 31.Bxe4 Bxh2+ 32.Kf1 Rc7 33.Bg6+ Kf8 34.Rf5 Rc8 35.Re6 Bc7 36.Bxf6 gxf6
37.Rfxf6+ Kg8 38.Be4 Rd8 39.Re7  1-0

[Event "16th Padova Open A 2013"]
[Site "Padova ITA"]
[Date "2013.12.21"]
[Round "8.10"]
[White "Moroni,L"]
[Black "Sanchez,Joseph"]
[Result "0-1"]
[WhiteElo "2229"]
[BlackElo "2534"]

1.Nf3 d5 2.c4 e6 3.g3 Nf6 4.Bg2 dxc4 5.Qa4+ c6 6.Qxc4 b5 7.Qc2 Bb7 8.O-O Nbd7
9.b3 Be7 10.Bb2 c5 11.d3 O-O 12.Nbd2 Nd5 13.a3 N7f6 14.Rad1 a5 15.Ne4 Qb6
16.Ne5 Rac8 17.Qb1 h6 18.Rc1 Rc7 19.Rfd1 Rfc8 20.Qa1 Nxe4 21.Bxe4 Bd6 22.Bg2 Ne7
23.Bxb7 Qxb7 24.Ng4 Nf5 25.Be5 Bxe5 26.Qxe5 Nd4 27.b4 f6 28.Qe3 h5 29.bxc5 Qd5  0-1

[Event "St Petersburg Blitz Prelim 2013"]
[Site "St Petersburg RUS"]
[Date "2013.12.22"]
[Round "7.4"]
[White "Orlov,O2"]
[Black "Rusanov,M"]
[Result "1-0"]
[WhiteElo "2311"]
[BlackElo "2440"]

1.Nf3 d5 2.c4 c6 3.g3 Bg4 4.Bg2 Nd7 5.O-O Bxf3 6.Bxf3 Ne5 7.Bg2 Nxc4 8.d3 Nb6
9.a4 a5 10.Qb3 e6 11.e4 Nf6 12.Nc3 Be7 13.exd5 Nfxd5 14.Nxd5 cxd5 15.Qb5+ Nd7
16.Qxb7 O-O 17.d4 Nf6 18.Bd2 Rb8 19.Qa6 Bb4 20.Bf4 Qb6 21.Qxb6 Rxb6 22.Rfc1 h6
23.Rc2 Ne4 24.Rac1 g5 25.Bxe4 gxf4 26.Bd3 fxg3 27.hxg3 Be7 28.Bb5 Kg7 29.Rc7 Bb4
30.Ra7 Kf6 31.Rcc7 Rbb8 32.Kg2 Rbc8 33.Ba6 Rxc7 34.Rxc7 Rh8 35.f4 h5 36.Kh3 Rf8
37.Be2 Rh8 38.Kh4 Be1 39.f5 Kxf5 40.Rxf7+ Ke4 41.Rf4+ Ke3 42.Bb5 Rg8 43.Rf1 Bxg3+
44.Kxh5 Kxd4 45.Rd1+ Ke3 46.Bd7 e5 47.Rxd5 Bf4 48.Rxa5 e4 49.Bf5 Rg5+ 50.Kh4 Kf3
51.Bxe4+ Kxe4 52.Rxg5  1-0

[Event "WYCC U18 Open 2013"]
[Site "Al-Ain UAE"]
[Date "2013.12.24"]
[Round "8.14"]
[White "Santos Latasa,J"]
[Black "Igonin,Temur"]
[Result "1-0"]
[WhiteElo "2467"]
[BlackElo "2109"]

1.Nf3 d5 2.c4 dxc4 3.Na3 a6 4.Nxc4 b5 5.Ne3 e6 6.g3 Bb7 7.Bg2 Nf6 8.O-O Nbd7
9.b3 Be7 10.Bb2 c5 11.Qc2 O-O 12.Rfd1 Rc8 13.Rac1 Qb6 14.Qb1 Rfd8 15.h3 h6
16.d3 Nd5 17.Ng4 N5f6 18.Ne3 Nd5 19.Nf1 Bf6 20.N1d2 Bxb2 21.Qxb2 N7f6 22.a3 Rc7
23.Ne5 Ne7 24.Nef3 Rdc8 25.Rc2 Nf5 26.e3 Rd8 27.Bf1 Qd6 28.e4 Nd4 29.Nxd4 Qxd4
30.Qxd4 Rxd4 31.Rdc1 Nd7 32.b4 Ne5 33.Nb3 Rxd3 34.Bxd3 Nxd3 35.Rxc5 Rxc5
36.Rxc5 Nxc5 37.Nxc5 Bc8 38.e5 f6 39.f4 Kf7 40.Kf2 Kg6 41.Ke3 fxe5 42.fxe5 Kf5
43.Kd4 h5 44.Ne4 Bd7 45.Nd6+ Kg5 46.Kc5 h4 47.gxh4+ Kxh4 48.Kb6  1-0

[Event "Al-Ain Classic Open A 2013"]
[Site "Al-Ain UAE"]
[Date "2013.12.26"]
[Round "7.31"]
[White "Gluckman,D"]
[Black "Guliev,Sarh"]
[Result "1/2-1/2"]
[WhiteElo "2237"]
[BlackElo "2430"]

1.Nf3 d5 2.c4 c6 3.b3 Bg4 4.e3 e6 5.Be2 Nd7 6.O-O Bd6 7.Ba3 Bxa3 8.Nxa3 Ngf6
9.h3 Bxf3 10.Bxf3 O-O 11.d4 Re8 12.cxd5 exd5 13.Nb1 Ne4 14.Nd2 f5 15.Bxe4 fxe4
16.b4 Re6 17.a4 Qh4 18.Qg4 Qe7 19.b5 Rg6 20.Qh5 Re8 21.bxc6 bxc6 22.Rfc1 Rg5
23.Qe2 c5 24.dxc5 Nxc5 25.Qb5 Nd3 26.Rc7 Qe5 27.Rb1 h6 28.Qd7 Rf8 29.Rc8 Rf5
30.Rbb8 Rxf2 31.Rxf8+ Rxf8 32.Rxf8+ Kxf8 33.Qxa7 Kg8 34.Qa8+ Kh7 35.Qf8 d4
36.exd4 Qxd4+ 37.Kh2 Qe5+ 38.Kg1 e3 39.Qf3 Qd4 40.Qf5+ g6 41.Qf7+ Qg7 42.Qxg7+ Kxg7
43.Nf3 Kf6 44.a5 Nc5 45.Kf1 Kf5 46.Nh4+ Ke4 47.Nxg6 Kd3 48.Ke1 Na6 49.Ne5+ Ke4
50.Nc4 Kd3 51.Nb2+ Kc3 52.Ke2 Kxb2 53.g4 Kc3 54.Kxe3 Kb4 55.Kf4 Kxa5 56.Kf5 Kb5
57.h4 Nc7 58.Kg6 Kc6 59.Kxh6 Kd6 60.Kg6 Ke7 61.h5 Kf8 62.h6 Kg8 63.h7+ Kh8
64.Kf7 Kxh7 65.g5 Ne8 66.g6+ Kh6 67.Kxe8 Kxg6  1/2-1/2